Sports Quiz

Random Sports or Tennis Quiz

Men's Tennis Top 30 (2012) Quiz Stats

 Plays Quiz not verified by Sporcle

Score 0/30 Timer 08:00
0 Plays Today
Rank Player % Correct
2Rafael Nadal
100%
3Roger Federer
100%
1Novak Djokovic
98.3%
4Andy Murray
97.9%
6Jo-Wilfried Tsonga
94.6%
5David Ferrer
94.2%
27Andy Roddick
92.5%
7Tomas Berdych
89.6%
8Mardy Fish
87.1%
14Gael Monfils
87.1%
13John Isner
85.4%
9Janko Tipsarevic
81.3%
15Richard Gasquet
79.2%
26Stanislas Wawrinka
79.2%
12Gilles Simon
78.8%
Rank Player % Correct
17Kei Nishikori
76.3%
10Juan Martin del Potro
74.6%
25Fernando Verdasco
73.8%
21Marin CIlic
73.3%
11Nicolas Almagro
72.9%
24Robin Soderling
70.8%
22Viktor Troicki
64.2%
18Alexandr Dolgopolov
62.5%
16Feliciano Lopez
60.8%
30Philipp Kohlschreiber
60.8%
20Juan Monaco
60%
28Radek Stepanek
53.3%
19Florian Mayer
47.5%
29Julien Benneteau
43.3%
23Marcel Granollers
38.8%

You're not logged in!

Compare scores with friends on all Sporcle quizzes.
OR
Log In

Sporcle TV

Today on Sporcle TV


Watch our educational content, quiz creation guides, and fun videos on Sporcle TV.

Show Comments

Extras

Top Quizzes Today


Score Distribution

Your Account Isn't Verified!

In order to create a playlist on Sporcle, you need to verify the email address you used during registration. Go to your Sporcle Settings to finish the process.

Report this User

Report this user for behavior that violates our Community Guidelines.

Details: